[Event "Knighthood Blitz"]
[Site "Vishy Anand Arena"]
[Date "2020.08.01"]
[Round "9"]
[White "Diptayan"]
[Black "Devil1234"]
[Result "0-1"]
[WhiteElo "2470"]
[BlackElo "2416"]
[Annotator "NA"]
[PlyCount "206"]
[EventDate "2020.08.01"]
[EventType "swiss (blitz)"]

1. d4 f5 2. g3 Nf6 3. Bg2 g6 4. Nh3 Bg7 5. O-O O-O 6. Nf4 Nc6 7. c4 e5 8. dxe5 Nxe5 9. b3 d6 10. Bb2 c6 11. Nc3 Qe7 12. Qc2 Be6 13. Rad1 Bf7 14. Rd2 Rad8 15. Rfd1 Rd7 16. Nd3 Rfd8 17. Ba3 Qe8 18. e3 h5 19. Nf4 Qe7 20. Nd3 Qe8 21. Nf4 Qe7 22. h4 Nfg4 23. e4 Qf6 24. exf5 gxf5 25. Nce2 Bh6 26. Bb2 Qe7 27. Re1 Qf6 28. Rdd1 Bg7 29. Bd4 Rf8 30. Ba1 Bh6 31. Nd3 Qd8 32. Nef4 Nxd3 33. Nxd3 Bg6 34. Nf4 Bxf4 35. gxf4 Qxh4 36. Re2 Kh7 37. Rd3 Qh2+ 38. Kf1 Qxf4 39. Rf3 Qg5 40. Rh3 f4 41. Qc3 Ne5 42. Bf3 Nxf3 43. Qxf3 Qf5 44. Re1 Rg8 45. Rh4 Qd3+ 46. Qe2 Qxe2+ 47. Kxe2 Rf7 48. Kd2 d5 49. cxd5 Rd8 50. Bd4 Rxd5 51. Kc3 c5 52. Be5 b5 53. Rxf4 Rxf4 54. Bxf4 Rd3+ 55. Kb2 Rf3 56. Bg3 Rf7 57. Re5 Bf5 58. Rxc5 Kg6 59. Rc6+ Kg5 60. Rc1 h4 61. Bd6 Kg4 62. Rg1+ Kf3 63. Rh1 h3 64. Bg3 Rg7 65. Re1 b4 66. Re5 Bg4 67. Re8 Kg2 68. Rh8 Rd7 69. Rh4 Rd4 70. a3 a5 71. axb4 axb4 72. Kc1 Re4 73. Kd2 Kf3 74. Kd3 Re2 75. Kd4 Bf5 76. Kc5 Kg2 77. Rf4 Bg6 78. Rh4 Re6 79. Kxb4 Bf7 80. Kc5 Rg6 81. b4 Be6 82. Rh7 Rg5+ 83. Kd6 Bc4 84. Re7 Rg4 85. Ke5 Be2 86. Kf6 Bf3 87. Re5 Rxb4 88. Rf5 Rg4 89. Rf4 Rxg3 90. fxg3 Kxg3 91. Rf5 h2 92. Rg5+ Bg4 93. Re5 h1=Q 94. Re3+ Bf3 95. Re5 Qh4+ 96. Ke6 Qf4 97. Kd6 Bg4 98. Kd5 Kf3 99. Kd6 Be6 100. Kxe6 Kg3 101. Kd5 Qg4 102. Kd6 Qg6+ 103. Kd5 Qd3+ 0-1

[Event "Knighthood Blitz"]
[Site "Vishy Anand Arena"]
[Date "2020.08.01"]
[Round "9"]
[White "J2d"]
[Black "Ambitious"]
[Result "1-0"]
[WhiteElo "2436"]
[BlackElo "2226"]
[PlyCount "101"]
[EventDate "2020.08.01"]
[EventType "swiss (blitz)"]

1. Nf3 Nf6 2. g3 g6 3. Bg2 Bg7 4. O-O O-O 5. c4 d6 6. Nc3 Nc6 7. d3 Bg4 8. Rb1 Nd7 9. Bd2 e5 10. b4 Rb8 11. b5 Nd4 12. Nxd4 exd4 13. Nd5 Re8 14. Re1 Nc5 15. h3 Be6 16. a4 f5 17. a5 a6 18. b6 c6 19. Nc7 Rf8 20. Nxe6 Nxe6 21. e3 Qd7 22. e4 Nc5 23. Bb4 f4 24. Bxc5 dxc5 25. Qg4 Qxg4 26. hxg4 fxg3 27. fxg3 Be5 28. g5 Bxg3 29. Rf1 Be5 30. Bh3 Kg7 31. Rb2 Rxf1+ 32. Kxf1 Bf4 33. Rf2 Bxg5 34. Be6 Re8 35. Rf7+ Kh6 36. Rxb7 Rxe6 37. Ra7 Rf6+ 38. Kg2 Be3 39. b7 Rf2+ 40. Kg3 Rb2 41. e5 Kg5 42. Rxa6 Kf5 43. Rb6 Bf4+ 44. Kf3 Rd2 45. b8=Q Rxd3+ 46. Ke2 Rd2+ 47. Ke1 Ke4 48. Rb3 d3 49. Qc8 Re2+ 50. Kf1 Kf3 51. Rxd3+ 1-0

[Event "Knighthood Blitz"]
[Site "Vishy Anand Arena"]
[Date "2020.08.01"]
[Round "9"]
[White "GM Abadi"]
[Black "Adityass"]
[Result "1-0"]
[WhiteElo "2423"]
[BlackElo "2234"]
[PlyCount "75"]
[EventDate "2020.08.01"]
[EventType "swiss (blitz)"]

1. d4 Nf6 2. Nf3 e6 3. c4 d5 4. g3 Bb4+ 5. Nbd2 c6 6. Qc2 O-O 7. Bg2 Ne4 8. O-O f5 9. b3 Nd7 10. Bb2 Ndf6 11. a3 Bd6 12. Ne5 Nd7 13. Nd3 Qe7 14. Nf3 a5 15. c5 Bc7 16. b4 Ndf6 17. Nfe5 Nd7 18. f3 Nef6 19. Bc3 Nxe5 20. Nxe5 Nd7 21. f4 Nxe5 22. dxe5 Bd7 23. Qd2 axb4 24. axb4 Rfc8 25. Rfb1 Be8 26. Bd4 Qd8 27. e3 Rxa1 28. Rxa1 Ra8 29. Ra2 Qb8 30. h3 Ra7 31. g4 Bg6 32. Bf1 Qa8 33. Rxa7 Qxa7 34. b5 Qa4 35. bxc6 bxc6 36. Qb2 fxg4 37. Qb7 Qd1 38. Qc8+ 1-0

[Event "Knighthood Blitz"]
[Site "Vishy Anand Arena"]
[Date "2020.08.01"]
[Round "9"]
[White "IndianKing97"]
[Black "Chessworld1"]
[Result "0-1"]
[WhiteElo "2415"]
[BlackElo "2507"]
[Annotator "NA"]
[PlyCount "94"]
[EventDate "2020.08.01"]
[EventType "swiss (blitz)"]

1. c4 Nf6 2. g3 e5 3. Bg2 c6 4. d4 e4 5. d5 Bb4+ 6. Bd2 Qe7 7. Nc3 O-O 8. Nh3 cxd5 9. Nxd5 Nxd5 10. cxd5 Na6 11. O-O Bxd2 12. Qxd2 d6 13. Nf4 Bf5 14. b4 Rac8 15. Rac1 Nb8 16. Qd4 a6 17. Nh5 Qg5 18. Nf4 Qe7 19. e3 Nd7 20. h3 h6 21. g4 Bh7 22. Ne2 Rfe8 23. Ng3 Nf6 24. Rc4 Rxc4 25. Qxc4 Qe5 26. Rd1 Qb2 27. a4 Bg6 28. a5 Qe5 29. Rd4 h5 30. gxh5 Bh7 31. Qc7 Nxd5 32. Qxb7 Nxe3 33. fxe3 Qxg3 34. Qd7 Qxe3+ 35. Kh1 Rf8 36. Qxd6 Bf5 37. h6 Rc8 38. hxg7 Bxh3 39. Rd2 Bxg2+ 40. Kxg2 Qg5+ 41. Kh2 e3 42. Re2 Qh5+ 43. Kg3 Qxe2 44. Qh6 Qf2+ 45. Kh3 Qf1+ 46. Kg3 Qg1+ 47. Kf3 Qxg7 0-1

[Event "Knighthood Blitz"]
[Site "Vishy Anand Arena"]
[Date "2020.08.01"]
[Round "9"]
[White "Pranav_vip"]
[Black "Gk06"]
[Result "0-1"]
[WhiteElo "2413"]
[BlackElo "2442"]
[Annotator "NA"]
[PlyCount "96"]
[EventDate "2020.08.01"]
[EventType "swiss (blitz)"]

1. e4 c5 2. Nf3 Nc6 3. Bb5 g6 4. O-O Bg7 5. c3 Nf6 6. Qa4 O-O 7. d4 cxd4 8. cxd4 Nxe4 9. d5 Nc5 10. Qa3 Qb6 11. Nc3 Nd4 12. Nxd4 Bxd4 13. Bh6 Bg7 14. Bxg7 Kxg7 15. b4 Na6 16. Rfe1 Nc7 17. Bc4 Qf6 18. Ne4 Qd4 19. Bb3 d6 20. Rad1 Qe5 21. Qc1 Ne8 22. f4 Qh5 23. Ng3 Qh4 24. Qb2+ Nf6 25. Rxe7 Kg8 26. Ree1 Qxf4 27. Rd4 Qg5 28. Rf1 Ng4 29. Rd3 Qh4 30. h3 Ne5 31. Re3 f5 32. Rxe5 dxe5 33. d6+ Kg7 34. Qxe5+ Qf6 35. Qf4 Bd7 36. Rc1 Rac8 37. Re1 Rfe8 38. Rd1 Qe5 39. Qf2 Qe3 40. Nf1 Qxf2+ 41. Kxf2 Kf6 42. Ne3 Rcd8 43. Nd5+ Kg7 44. Nc7 Re5 45. a3 Bc8 46. Nd5 Rxd6 47. Rc1 Be6 48. Rc7+ Kf8 0-1

[Event "Knighthood Blitz"]
[Site "Vishy Anand Arena"]
[Date "2020.08.01"]
[Round "9"]
[White "CREATOR 1198"]
[Black "FedoseevVladimir"]
[Result "1-0"]
[WhiteElo "2396"]
[BlackElo "2671"]
[Annotator "NA"]
[PlyCount "91"]
[EventDate "2020.08.01"]
[EventType "swiss (blitz)"]

1. d4 Nf6 2. c4 g6 3. Nc3 Bg7 4. e4 d6 5. Nf3 O-O 6. Be2 e6 7. O-O b6 8. Re1 Bb7 9. Bf1 c5 10. d5 exd5 11. exd5 a6 12. a4 Bc8 13. a5 Nbd7 14. Bf4 Ne8 15. Qd2 bxa5 16. Ne4 Ndf6 17. Ng3 Rb8 18. Bd3 Rb4 19. h3 Qb6 20. Ra2 Bb7 21. Bh6 Rb3 22. Bxg7 Nxg7 23. Bc2 Rxb2 24. Rxb2 Qxb2 25. Rb1 Qa2 26. Rxb7 Qxc4 27. Bb3 Qb4 28. Rxb4 axb4 29. Qf4 Nge8 30. Ne4 Nxe4 31. Qxe4 Ng7 32. Qe7 Nf5 33. Qa7 Re8 34. Bc2 Ng7 35. Ng5 Rf8 36. Qxa6 h6 37. Ne4 Nf5 38. Nf6+ Kg7 39. Nd7 Re8 40. Bxf5 gxf5 41. Qxd6 b3 42. Qf6+ Kg8 43. Nxc5 Re1+ 44. Kh2 b2 45. Qxb2 Rc1 46. Qxc1 1-0

[Event "Knighthood Blitz"]
[Site "Vishy Anand Arena"]
[Date "2020.08.01"]
[Round "9"]
[White "RACEKING"]
[Black "Pabh"]
[Result "0-1"]
[WhiteElo "2373"]
[BlackElo "2384"]
[PlyCount "66"]
[EventDate "2020.08.01"]
[EventType "swiss (blitz)"]

1. c4 c5 2. Nf3 Nf6 3. Nc3 d5 4. cxd5 Nxd5 5. e3 Nxc3 6. dxc3 Qxd1+ 7. Kxd1 Nc6 8. e4 Bg4 9. Be2 e6 10. Kc2 Be7 11. Bb5 Rc8 12. Ne5 Bh5 13. Be3 Bd6 14. Bxc6+ bxc6 15. Nc4 Be7 16. f3 g5 17. g4 Bg6 18. Ne5 f6 19. Nc4 h5 20. h3 f5 21. Ne5 Bh7 22. exf5 exf5 23. Kb3 Rb8+ 24. Ka4 fxg4 25. hxg4 Rxb2 26. Rxh5 Bc2+ 27. Ka3 Rxh5 28. Kxb2 Rh2 29. Rc1 Be4+ 30. Ka1 Bd5 31. Nd3 Rxa2+ 32. Kb1 Re2 33. Bxc5 Bc4 0-1

[Event "Knighthood Blitz"]
[Site "Vishy Anand Arena"]
[Date "2020.08.01"]
[Round "9"]
[White "Debashisdas"]
[Black "Arjunkalyan"]
[Result "1-0"]
[WhiteElo "2371"]
[BlackElo "2285"]
[PlyCount "121"]
[EventDate "2020.08.01"]
[EventType "swiss (blitz)"]

1. d4 d5 2. c4 c6 3. Nf3 Nf6 4. e3 Bf5 5. Nc3 e6 6. Nh4 Be4 7. f3 Bg6 8. Qb3 Qc7 9. Bd2 Be7 10. g3 O-O 11. Rc1 dxc4 12. Bxc4 b5 13. Be2 a6 14. Nxg6 hxg6 15. Ne4 Nbd7 16. Nxf6+ Nxf6 17. O-O Qb6 18. Qc2 Rac8 19. b4 Rfd8 20. Rfd1 Nd5 21. Qb3 Bf6 22. Kg2 e5 23. e4 Nc7 24. dxe5 Bxe5 25. Be3 Qb7 26. f4 Bd6 27. e5 Bf8 28. Bf3 Nd5 29. Bc5 Bxc5 30. Rxc5 Qb6 31. h4 a5 32. Bxd5 cxd5 33. Rcxd5 Rxd5 34. Rxd5 axb4 35. Rd6 Qc5 36. Kh3 Qc4 37. Rd7 Qxb3 38. axb3 Rc3 39. Rb7 Rxb3 40. Rxb5 Rb1 41. Rb8+ Kh7 42. Rb7 Kg8 43. Kg4 b3 44. Kg5 b2 45. Rb8+ Kh7 46. g4 Ra1 47. Rxb2 Ra6 48. Rb7 f6+ 49. exf6 Rxf6 50. Re7 Ra6 51. Re5 Rb6 52. h5 gxh5 53. Kxh5 Ra6 54. Kg5 Ra1 55. f5 Rf1 56. Re7 Rf2 57. Rf7 Rf1 58. f6 Kh8 59. fxg7+ Kg8 60. Rxf1 Kxg7 61. Rf6 1-0

[Event "Knighthood Blitz"]
[Site "Vishy Anand Arena"]
[Date "2020.08.01"]
[Round "9"]
[White "MasteredUI"]
[Black "Suyash45"]
[Result "1-0"]
[WhiteElo "2342"]
[BlackElo "1979"]
[Annotator "NA"]
[PlyCount "123"]
[EventDate "2020.08.01"]
[EventType "swiss (blitz)"]

1. Nf3 Nf6 2. g3 d5 3. Bg2 c5 4. O-O Nc6 5. d3 g6 6. Nbd2 Bg7 7. e4 O-O 8. Re1 Bg4 9. h3 Bxf3 10. Bxf3 Rc8 11. Bg2 e6 12. c3 d4 13. c4 e5 14. Rf1 a6 15. f4 Nh5 16. Rf3 f5 17. exf5 exf4 18. g4 Ng3 19. Rxf4 gxf5 20. Qf3 Be5 21. Qxg3 Bxf4 22. Qxf4 fxg4 23. Qxg4+ Kh8 24. Ne4 Rg8 25. Qf3 Ne5 26. Qh5 Qe8 27. Qxe8 Rcxe8 28. Nf6 Nf3+ 29. Kf2 Ne1 30. Nxe8 Nxd3+ 31. Kf1 Rxe8 32. Bg5 Rf8+ 33. Kg1 Nxb2 34. Rf1 Rxf1+ 35. Kxf1 Kg7 36. Bxb7 Nxc4 37. Bxa6 Nd6 38. Be7 Nf5 39. Bxc5 Kf6 40. Bd3 Ne3+ 41. Ke2 Ng2 42. Bxd4+ Ke6 43. Be3 Nxe3 44. Kxe3 h6 45. Kf4 Kd5 46. Kg4 Kc5 47. Kh5 Kb6 48. Kxh6 Ka5 49. Kg7 Kb4 50. h4 Ka3 51. Bc4 Kb4 52. Bb3 Ka3 53. h5 Kb2 54. h6 Ka1 55. h7 Kb2 56. h8=Q Kb1 57. Qh2 Ka1 58. Kf6 Kb1 59. Ke5 Ka1 60. Kd4 Kb1 61. Kc3 Ka1 62. Qh1# 1-0

[Event "Knighthood Blitz"]
[Site "Vishy Anand Arena"]
[Date "2020.08.01"]
[Round "9"]
[White "Johncking"]
[Black "Fidodido"]
[Result "0-1"]
[WhiteElo "2330"]
[BlackElo "2369"]
[PlyCount "124"]
[EventDate "2020.08.01"]
[EventType "swiss (blitz)"]

1. e4 c5 2. Nf3 d6 3. d4 cxd4 4. Nxd4 Nf6 5. Nc3 a6 6. Bg5 e6 7. f4 Qb6 8. Qd2 Qxb2 9. Rb1 Qa3 10. f5 Nc6 11. fxe6 fxe6 12. Nxc6 bxc6 13. Be2 Be7 14. O-O Qa5 15. Be3 O-O 16. Nd5 Qd8 17. Nxe7+ Qxe7 18. Qc3 Bd7 19. Bd3 e5 20. Rb7 Ng4 21. Qb3+ Kh8 22. Ba7 d5 23. Rxf8+ Rxf8 24. h3 Nf6 25. exd5 cxd5 26. Bxa6 Qd6 27. Qb4 Qxb4 28. Rxb4 Ra8 29. Rb7 Bc8 30. Rb6 Bxa6 31. Rxa6 Kg8 32. a4 d4 33. Ra5 Kf7 34. Bb6 Rc8 35. Ra7+ Ke6 36. Rxg7 Rxc2 37. a5 Ra2 38. Rc7 Nd5 39. Rc8 d3 40. Rc1 e4 41. Bd4 d2 42. Rd1 e3 43. Bxe3 Nxe3 44. Rb1 d1=Q+ 45. Rxd1 Nxd1 46. a6 Ne3 47. a7 Rxa7 48. Kf2 Ra3 49. Kf3 Nf5+ 50. Kf4 Ra4+ 51. Kg5 h6+ 52. Kg6 Rh4 53. g4 Ne7+ 54. Kh7 Rxh3 55. g5 hxg5+ 56. Kg7 g4 57. Kf8 g3 58. Ke8 g2 59. Kd8 g1=Q 60. Kc7 Qc5+ 61. Kd8 Rb3 62. Ke8 Qc8# 0-1

[Event "Knighthood Blitz"]
[Site "Vishy Anand Arena"]
[Date "2020.08.01"]
[Round "9"]
[White "Pshyaamnikhil"]
[Black "michaelraj_98"]
[Result "1-0"]
[WhiteElo "2322"]
[BlackElo "1990"]
[Annotator "NA"]
[PlyCount "113"]
[EventDate "2020.08.01"]
[EventType "swiss (blitz)"]

1. e4 e5 2. Nf3 Nc6 3. Bb5 Nf6 4. O-O Nxe4 5. Re1 Nd6 6. Nxe5 Nxe5 7. Rxe5+ Be7 8. Bf1 O-O 9. d4 Bf6 10. Bd3 Bxe5 11. dxe5 Ne8 12. Qh5 g6 13. Qh6 Qe7 14. Nc3 Qxe5 15. Bf4 Qg7 16. Qh4 d6 17. Bh6 Qf6 18. Bg5 Qe5 19. Kf1 Bf5 20. Re1 Bxd3+ 21. cxd3 Qf5 22. Be7 Qxd3+ 23. Kg1 Ng7 24. Rd1 Qf5 25. Nd5 Nh5 26. Bxf8 Kxf8 27. Qe7+ Kg7 28. Qxc7 Re8 29. Qxd6 Qe5 30. Qxe5+ Rxe5 31. Kf1 Nf6 32. Nc3 Re7 33. Rd6 Rd7 34. Rxd7 Nxd7 35. Nd5 Nf6 36. Nc7 Kf8 37. Ke2 Ke7 38. Nb5 a6 39. Nc3 Kd6 40. Kd3 Ke5 41. g3 Nd5 42. f4+ Ke6 43. Ne4 Nb4+ 44. Kc4 Nxa2 45. Ng5+ Kf5 46. Nxh7 b5+ 47. Kb3 Nc1+ 48. Kc2 Ne2 49. Ng5 Kg4 50. Nxf7 Kh3 51. Ne5 Kxh2 52. Nxg6 Kxg3 53. Ne5 Nd4+ 54. Kd3 Ne6 55. f5 Nf4+ 56. Ke4 Nd5 57. Kxd5 1-0

[Event "Knighthood Blitz"]
[Site "Vishy Anand Arena"]
[Date "2020.08.01"]
[Round "9"]
[White "VugarAsadli"]
[Black "Lightsaber"]
[Result "1-0"]
[WhiteElo "2268"]
[BlackElo "2209"]
[PlyCount "119"]
[EventDate "2020.08.01"]
[EventType "swiss (blitz)"]

1. e4 c5 2. Nc3 Nc6 3. Bb5 Nd4 4. Nf3 Nxb5 5. Nxb5 d6 6. d4 Nf6 7. Qd3 cxd4 8. Qc4 Rb8 9. e5 d5 10. Nc7+ Kd7 11. e6+ fxe6 12. Ne5+ Kd6 13. Nf7+ Kd7 14. Qb5+ Kxc7 15. Bf4+ Qd6 16. Bxd6+ exd6 17. Nxh8 Bd7 18. Qa5+ b6 19. Qxa7+ Rb7 20. Qa8 Be7 21. O-O e5 22. Nf7 Rb8 23. Qa7+ Rb7 24. Qa3 Ng8 25. Rfe1 Be6 26. Qg3 Bxf7 27. Qxg7 Be6 28. f4 Kc6 29. fxe5 dxe5 30. Qxe5 Bd7 31. Qxe7 Nxe7 32. Rxe7 Ra7 33. a3 h5 34. Rd1 Kc5 35. Rf1 Kd6 36. Rff7 Rc7 37. Rxd7+ Rxd7 38. Rxd7+ Kxd7 39. Kf2 Kd6 40. Ke2 Ke5 41. Kd3 b5 42. b3 h4 43. a4 bxa4 44. bxa4 Kd6 45. Kxd4 Kc6 46. c4 dxc4 47. Kxc4 Kb6 48. g4 hxg3 49. hxg3 Ka5 50. g4 Kxa4 51. g5 Ka5 52. g6 Kb6 53. g7 Kc6 54. g8=Q Kd6 55. Qg6+ Ke5 56. Kc5 Kf4 57. Kd4 Kf3 58. Qf5+ Kg2 59. Qf4 Kh3 60. Qg5 1-0

[Event "Knighthood Blitz"]
[Site "Vishy Anand Arena"]
[Date "2020.08.01"]
[Round "9"]
[White "Snitin"]
[Black "Vinniethepooh"]
[Result "0-1"]
[WhiteElo "2241"]
[BlackElo "2236"]
[PlyCount "68"]
[EventDate "2020.08.01"]
[EventType "swiss (blitz)"]

1. e4 c5 2. Nf3 d6 3. d4 cxd4 4. Nxd4 Nf6 5. Nc3 a6 6. Be3 e5 7. Nb3 Be7 8. h3 Be6 9. f4 exf4 10. Bxf4 Nc6 11. Qe2 Ne5 12. O-O-O Nfd7 13. Kb1 O-O 14. g4 Rc8 15. Nd5 Re8 16. Nd4 Bf8 17. Qg2 Nb6 18. Be2 Nxd5 19. exd5 Bd7 20. h4 Qb6 21. g5 Nc4 22. Bxc4 Rxc4 23. c3 Rxc3 24. g6 fxg6 25. h5 Rc4 26. Nb3 Bf5+ 27. Ka1 Rxf4 28. hxg6 Bxg6 29. Qd2 Rf2 30. Qc3 Ree2 31. Rhg1 Be7 32. Rgf1 Bf6 33. Qc8+ Re8 34. Qd7 Bxb2# 0-1

[Event "Knighthood Blitz"]
[Site "Vishy Anand Arena"]
[Date "2020.08.01"]
[Round "9"]
[White "Skkeyan"]
[Black "Pavala"]
[Result "0-1"]
[WhiteElo "2200"]
[BlackElo "2103"]
[PlyCount "106"]
[EventDate "2020.08.01"]
[EventType "swiss (blitz)"]

1. e4 e5 2. Nf3 Nc6 3. Bb5 Nd4 4. Nxd4 exd4 5. c3 c6 6. Ba4 Bc5 7. d3 d5 8. exd5 Qxd5 9. O-O Ne7 10. Re1 O-O 11. b4 Bd6 12. c4 Qf5 13. c5 Be5 14. Nd2 Nd5 15. Qf3 Bf6 16. a3 a5 17. Bb3 axb4 18. Bxd5 Qxd5 19. Qxd5 cxd5 20. Bb2 bxa3 21. Rxa3 Rxa3 22. Bxa3 Bf5 23. c6 bxc6 24. Bxf8 Kxf8 25. Nb3 Bxd3 26. Nxd4 Bxd4 27. Rd1 Bxf2+ 28. Kxf2 Be4 29. g3 c5 30. Ke3 Ke7 31. Ra1 Ke6 32. Ra6+ Ke5 33. Ra7 d4+ 34. Kd2 Bg6 35. Re7+ Kd5 36. Re8 c4 37. Rd8+ Ke4 38. Re8+ Kf3 39. Rd8 c3+ 40. Kd1 d3 41. Rc8 c2+ 42. Kd2 Kg2 43. h4 Kxg3 44. h5 Bxh5 45. Kxd3 Bg6+ 46. Kd2 h5 47. Rg8 h4 48. Rxg7 h3 49. Rxf7 Bxf7 50. Kxc2 h2 51. Kc3 h1=Q 52. Kb2 Qd1 53. Ka3 Qb3# 0-1

[Event "Knighthood Blitz"]
[Site "Vishy Anand Arena"]
[Date "2020.08.01"]
[Round "9"]
[White "Arghyadip"]
[Black "BIGIL"]
[Result "0-1"]
[WhiteElo "2187"]
[BlackElo "1996"]
[PlyCount "66"]
[EventDate "2020.08.01"]
[EventType "swiss (blitz)"]

1. d4 Nf6 2. c4 e6 3. Nc3 c5 4. d5 exd5 5. cxd5 d6 6. e4 g6 7. f4 Bg7 8. Bb5+ Nfd7 9. a4 Qh4+ 10. g3 Qe7 11. Nf3 O-O 12. O-O Na6 13. Re1 Nc7 14. Bc4 Nb6 15. Bf1 Bg4 16. Bg2 Rfe8 17. a5 Nd7 18. Bd2 b5 19. h3 Bxf3 20. Qxf3 b4 21. Na4 Nb5 22. Qd3 a6 23. Rac1 h5 24. b3 Qd8 25. e5 dxe5 26. d6 exf4 27. Bxf4 Rxe1+ 28. Rxe1 Bd4+ 29. Kh2 Rb8 30. Re7 Nf8 31. Bf3 Nxd6 32. Ra7 Nb5 33. Qc4 Nxa7 0-1

[Event "Knighthood Blitz"]
[Site "Vishy Anand Arena"]
[Date "2020.08.01"]
[Round "9"]
[White "Shahildey"]
[Black "ilamparthi"]
[Result "0-1"]
[WhiteElo "2176"]
[BlackElo "2094"]
[PlyCount "138"]
[EventDate "2020.08.01"]
[EventType "swiss (blitz)"]

1. e4 c6 2. d4 d5 3. Nc3 dxe4 4. Nxe4 Nf6 5. Nxf6+ exf6 6. c3 Bd6 7. Bd3 O-O 8. Ne2 Nd7 9. Qc2 g6 10. h4 f5 11. h5 Nf6 12. hxg6 fxg6 13. Bg5 Be6 14. O-O-O Qd7 15. f3 Rae8 16. Rh6 Qf7 17. Rdh1 Re7 18. g4 fxg4 19. Bxg6 Qg7 20. Bxf6 Rxf6 21. Rxh7 Rxg6 22. Rxg7+ Rgxg7 23. f4 Bc4 24. Re1 g3 25. Qf5 Ref7 26. Qh3 g2 27. Rg1 Bxe2 28. Rxg2 Bxf4+ 29. Kc2 Bc4 30. Qc8+ Kh7 31. Qh3+ Bh6 32. Rxg7+ Rxg7 33. Qf5+ Rg6 34. Qd7+ Bg7 35. Qh3+ Rh6 36. Qf5+ Kh8 37. Qc8+ Bg8 38. Qxb7 Rh2+ 39. Kd3 Rh3+ 40. Ke4 Bd5+ 41. Kf4 Rf3+ 42. Kg4 Rf7 43. Qc8+ Kh7 44. Qb8 Kg6 45. Qh2 Be6+ 46. Kh4 Bf6+ 47. Kg3 Bg5 48. Qg1 Bd5 49. Qe1 Rf3+ 50. Kg4 Rf4+ 51. Kh3 Rf6 52. Qb1+ Kg7 53. c4 Bxc4 54. Qc2 Be6+ 55. Kg3 Bf4+ 56. Kf3 Bd5+ 57. Ke2 Re6+ 58. Kd3 Be4+ 59. Kc3 Bxc2 60. Kxc2 Kf6 61. Kc3 Kf5 62. d5 cxd5 63. Kb4 Rd6 64. Ka4 d4 65. b4 d3 66. a3 d2 67. Ka5 d1=Q 68. a4 Qd5+ 69. b5 Bd2# 0-1

[Event "Knighthood Blitz"]
[Site "Vishy Anand Arena"]
[Date "2020.08.01"]
[Round "9"]
[White "Viani A Dcunha"]
[Black "F Manish Anto Cristiano"]
[Result "1-0"]
[WhiteElo "2170"]
[BlackElo "1750"]
[PlyCount "91"]
[EventDate "2020.08.01"]
[EventType "swiss (blitz)"]

1. d4 d5 2. c4 c6 3. Nc3 Nf6 4. Nf3 e6 5. e3 Nbd7 6. b3 Bd6 7. Bd3 O-O 8. O-O dxc4 9. bxc4 e5 10. Qc2 h6 11. Rd1 Qc7 12. h3 Re8 13. Bb2 b6 14. c5 bxc5 15. dxe5 Nxe5 16. Nxe5 Bxe5 17. Na4 Bxb2 18. Qxb2 Qa5 19. Qc2 Rd8 20. Nxc5 Rb8 21. Rac1 Kf8 22. Nb3 Qa4 23. Qc5+ Ke8 24. Qe5+ Be6 25. Nc5 Qxa2 26. Bf5 Ke7 27. Bxe6 fxe6 28. Qc7+ Ke8 29. Qxc6+ Ke7 30. Qc7+ Ke8 31. Qxg7 Rxd1+ 32. Rxd1 Rb1 33. Rxb1 Qxb1+ 34. Kh2 Qb8+ 35. f4 Nd5 36. Qg8+ Ke7 37. Qxb8 Nxe3 38. Qe5 Nf5 39. Qxe6+ Kd8 40. Qxf5 Kc7 41. Qd7+ Kb6 42. Qd6+ Kb5 43. Nd7 a5 44. Ne5 a4 45. Qc6+ Ka5 46. Qc4 1-0

[Event "Knighthood Blitz"]
[Site "Vishy Anand Arena"]
[Date "2020.08.01"]
[Round "9"]
[White "Priyanka Nutakki"]
[Black "Gak_chess"]
[Result "0-1"]
[WhiteElo "2156"]
[BlackElo "2289"]
[PlyCount "94"]
[EventDate "2020.08.01"]
[EventType "swiss (blitz)"]

1. c4 e6 2. Nf3 d5 3. e3 Nf6 4. Nc3 a6 5. b3 c5 6. Bb2 Nc6 7. cxd5 exd5 8. d4 Bg4 9. Be2 Be7 10. O-O O-O 11. dxc5 Bxc5 12. Rc1 Ba7 13. h3 Bh5 14. Na4 Re8 15. Bxf6 Qxf6 16. Qxd5 Bg6 17. Nc5 Rad8 18. Qc4 b5 19. Qc3 Qxc3 20. Rxc3 Nb4 21. a3 Na2 22. Rfc1 Bxc5 23. Rxc5 Nxc1 24. Rxc1 Rc8 25. Rxc8 Rxc8 26. Nd4 Rc1+ 27. Kh2 Ra1 28. a4 bxa4 29. bxa4 Rxa4 30. Kg3 a5 31. Bb5 Ra1 32. h4 Kf8 33. Kf3 a4 34. g4 h5 35. gxh5 Bxh5+ 36. Kf4 a3 37. Bc4 Rc1 38. Bd5 Bg6 39. e4 Rb1 40. Nc2 a2 41. Bxa2 Rb2 42. Bd5 Rxc2 43. f3 f6 44. Kg4 Ke7 45. h5 Bf7 46. f4 Bxd5 47. exd5 Rd2 0-1

[Event "Knighthood Blitz"]
[Site "Vishy Anand Arena"]
[Date "2020.08.01"]
[Round "9"]
[White "Gamechanger"]
[Black "Gaurav306"]
[Result "1-0"]
[WhiteElo "2141"]
[BlackElo "1952"]
[Annotator "NA"]
[PlyCount "55"]
[EventDate "2020.08.01"]
[EventType "swiss (blitz)"]

1. d4 d5 2. Bf4 Nf6 3. e3 e6 4. Nd2 Bd6 5. Bg3 O-O 6. Bd3 c5 7. c3 b6 8. Qe2 Bb7 9. Bh4 Be7 10. Bxf6 Bxf6 11. f4 a5 12. Ngf3 Ba6 13. O-O Bxd3 14. Qxd3 c4 15. Qe2 Nc6 16. e4 b5 17. e5 Be7 18. Rae1 b4 19. f5 exf5 20. e6 f6 21. Nh4 g6 22. Qe3 Kg7 23. Qg3 Kh8 24. Nxg6+ hxg6 25. Qxg6 Qe8 26. Qh6+ Kg8 27. Rxf5 Rf7 28. Rh5 1-0

[Event "Knighthood Blitz"]
[Site "Vishy Anand Arena"]
[Date "2020.08.01"]
[Round "9"]
[White "NIKiler"]
[Black "DusanPopovic"]
[Result "1-0"]
[WhiteElo "2138"]
[BlackElo "2437"]
[PlyCount "63"]
[EventDate "2020.08.01"]
[EventType "swiss (blitz)"]

1. d4 g6 2. Nf3 Bg7 3. g3 Nf6 4. Bg2 O-O 5. O-O d6 6. b3 a5 7. c4 c6 8. Bb2 a4 9. Nbd2 Qa5 10. Qc2 a3 11. Bc3 Qh5 12. h4 Bg4 13. Rae1 Nbd7 14. e4 e5 15. Nh2 Be2 16. Rxe2 Qxe2 17. Bf3 Qxf1+ 18. Kxf1 exd4 19. Bxd4 Ne5 20. Bg2 Rfe8 21. f4 Ned7 22. Bc3 Nc5 23. Bf3 b5 24. cxb5 Rac8 25. bxc6 Ne6 26. e5 dxe5 27. Bxe5 Red8 28. Qc3 Nd5 29. Bxd5 Rxd5 30. Bxg7 Nxg7 31. Ne4 Ne8 32. b4 1-0

[Event "Knighthood Blitz"]
[Site "Vishy Anand Arena"]
[Date "2020.08.01"]
[Round "9"]
[White "Hickey"]
[Black "Adityabikram"]
[Result "0-1"]
[WhiteElo "2117"]
[BlackElo "1984"]
[PlyCount "130"]
[EventDate "2020.08.01"]
[EventType "swiss (blitz)"]

1. c4 e5 2. g3 Nc6 3. Bg2 g6 4. Nc3 Bg7 5. e3 Nge7 6. Nge2 O-O 7. O-O d6 8. Rb1 Bf5 9. d3 Qd7 10. b4 Bh3 11. b5 Bxg2 12. Kxg2 Nd8 13. Qc2 Ne6 14. Nd5 Rae8 15. a4 f5 16. Ba3 f4 17. Nec3 f3+ 18. Kh1 Nxd5 19. cxd5 Ng5 20. Ne4 Nxe4 21. dxe4 h5 22. Rg1 g5 23. Rbc1 Rf7 24. Qd1 Bf8 25. Rc4 Kh8 26. Qd3 Ra8 27. Bb2 a6 28. Qb3 axb5 29. axb5 b6 30. Ra4 Rxa4 31. Qxa4 Kh7 32. Qc4 Qh3 33. Qf1 Qg4 34. Qc4 Bg7 35. Ra1 Bf6 36. Kg1 h4 37. Kf1 Qh3+ 38. Ke1 Qxh2 39. gxh4 gxh4 40. Ra7 h3 41. Rxc7 Qg1+ 42. Kd2 Qxf2+ 43. Kd1 Qe2+ 44. Qxe2 fxe2+ 45. Kxe2 Rxc7 46. Kf3 Rc2 47. Ba3 h2 48. Bxd6 h1=Q+ 49. Kg4 Qg2+ 50. Kf5 Qf3+ 51. Ke6 Qxe4 52. Kxf6 Qxd5 53. Bxe5 Rc5 54. Bf4 Qf5+ 55. Ke7 Rc7+ 56. Kd6 Qe4 57. Kxc7 Qc4+ 58. Kxb6 Qe4 59. Ka6 Kg6 60. b6 Kf5 61. b7 Qd3+ 62. Ka7 Qa3+ 63. Kb8 Qf8+ 64. Ka7 Qa3+ 65. Kb8 Qf8+ 0-1

[Event "Knighthood Blitz"]
[Site "Vishy Anand Arena"]
[Date "2020.08.01"]
[Round "9"]
[White "shadow_master"]
[Black "Harishankkar"]
[Result "0-1"]
[WhiteElo "2116"]
[BlackElo "2116"]
[PlyCount "62"]
[EventDate "2020.08.01"]
[EventType "swiss (blitz)"]

1. e4 c5 2. Nf3 e6 3. d4 c4 4. Bxc4 Nc6 5. O-O d5 6. exd5 exd5 7. Re1+ Be7 8. Bb5 Nf6 9. Qe2 Bg4 10. Bg5 Bxf3 11. Qxf3 O-O 12. Bxc6 bxc6 13. Nd2 Qd7 14. Nb3 Ne4 15. Bxe7 Qxe7 16. Re3 f5 17. Rae1 Qd6 18. Nc5 Rab8 19. b3 Rbe8 20. h4 Rf6 21. Qh5 Ref8 22. Qd1 Rh6 23. g3 Rg6 24. h5 Rg5 25. Kg2 f4 26. Nxe4 dxe4 27. Rxe4 f3+ 28. Kf1 Rxh5 29. Kg1 Qh6 30. Rh4 Rxh4 31. gxh4 Qg6+ 0-1

[Event "Knighthood Blitz"]
[Site "Vishy Anand Arena"]
[Date "2020.08.01"]
[Round "9"]
[White "lsr"]
[Black "Perseus226"]
[Result "1-0"]
[WhiteElo "2115"]
[BlackElo "1887"]
[Annotator "NA"]
[PlyCount "67"]
[EventDate "2020.08.01"]
[EventType "swiss (blitz)"]

1. c4 c6 2. Nc3 Nf6 3. d4 d5 4. cxd5 cxd5 5. Bf4 Nc6 6. e3 a6 7. Nf3 Bf5 8. Qb3 Na5 9. Qa4+ b5 10. Qd1 e6 11. Bd3 Bxd3 12. Qxd3 Bd6 13. Ne5 O-O 14. O-O Nh5 15. Qe2 Nxf4 16. exf4 Rc8 17. Rac1 Nc4 18. b3 Nb6 19. g3 Ba3 20. Rc2 Qc7 21. b4 Na4 22. Nxa4 Qxc2 23. Qxc2 Rxc2 24. Nc5 Bxb4 25. Nxa6 Bd6 26. Rb1 Rxa2 27. Nc5 Bxc5 28. dxc5 Ra5 29. Nc6 Ra6 30. Nd4 Rc8 31. Rxb5 Ra1+ 32. Kg2 Rd1 33. Nc6 Rc1 34. Ne7+ 1-0